Bài tập giải tích nâng cao 12

Spremljeno u:
Bibliografski detalji
Glavni autor: Nguyễn, Huy Đoan
Daljnji autori: Trần, Phương Dung
Format: Knjiga
Jezik:Undetermined
Izdano: H. Giáo dục 2008
Teme:
Online pristup:http://lrc.tdmu.edu.vn/opac/search/detail.asp?aID=2&ID=5385
Oznake: Dodaj oznaku
Bez oznaka, Budi prvi tko označuje ovaj zapis!
Thư viện lưu trữ: Trung tâm Học liệu Trường Đại học Thủ Dầu Một
LEADER 00662nam a2200205Ia 4500
001 TDMU_5385
008 210410s9999 xx 000 0 und d
082 |a 515.076 
090 |b NG527 
100 |a Nguyễn, Huy Đoan 
245 0 |a Bài tập giải tích nâng cao 12 
245 0 |c Nguyễn Huy Đoan 
260 |a H. 
260 |b Giáo dục 
260 |c 2008 
300 |a 223tr 
650 |a Sách lớp 12  |v Bài tập; Giải tích  |x Dạy và học 
700 |a Trần, Phương Dung 
856 |u http://lrc.tdmu.edu.vn/opac/search/detail.asp?aID=2&ID=5385 
980 |a Trung tâm Học liệu Trường Đại học Thủ Dầu Một